<?xml version="1.0" encoding="UTF-8"?>
<record
    xmlns:xsi="http://www.w3.org/2001/XMLSchema-instance"
    xsi:schemaLocation="http://www.loc.gov/MARC21/slim http://www.loc.gov/standards/marcxml/schema/MARC21slim.xsd"
    xmlns="http://www.loc.gov/MARC21/slim">

  <leader>01829nam a2200193 a 4500</leader>
  <controlfield tag="001">000045635</controlfield>
  <controlfield tag="005">20201002052346.0</controlfield>
  <controlfield tag="008">150420s2009    bl ab         000 0 spa d</controlfield>
  <datafield tag="040" ind1=" " ind2=" ">
    <subfield code="a">DO-SdBNP</subfield>
    <subfield code="b">spa</subfield>
    <subfield code="c">BNPHU</subfield>
  </datafield>
  <datafield tag="082" ind1=" " ind2=" ">
    <subfield code="a">xxxx</subfield>
    <subfield code="b">xxxx</subfield>
  </datafield>
  <datafield tag="245" ind1="0" ind2="0">
    <subfield code="a">Apoio internacional ao desenvolvimiento local :</subfield>
    <subfield code="b">experi&#xEA;ncias sociais com juventudes no Nordeste /</subfield>
    <subfield code="c">Leilah Landim, Maria Coralina Trevisan (organizadoras) ; Andr&#xE9;s A. Thompson ... [et al.].</subfield>
  </datafield>
  <datafield tag="260" ind1=" " ind2=" ">
    <subfield code="a">S&#xE1;o Paulo, Brasil :</subfield>
    <subfield code="b">Funda&#xE7;&#xE3;o Peir&#xF3;polis,</subfield>
    <subfield code="c">2009.</subfield>
  </datafield>
  <datafield tag="300" ind1=" " ind2=" ">
    <subfield code="a">248 p. :</subfield>
    <subfield code="b">il., mapas, ;</subfield>
    <subfield code="c">24 cm.</subfield>
  </datafield>
  <datafield tag="504" ind1=" " ind2=" ">
    <subfield code="a">Bibliograf&#xED;a : p. 203</subfield>
  </datafield>
  <datafield tag="500" ind1=" " ind2=" ">
    <subfield code="a">Incluye referencias bibliogr&#xE1;ficas y notas al pie de las p&#xE1;ginas.</subfield>
  </datafield>
  <datafield tag="505" ind1="0" ind2=" ">
    <subfield code="t">Reflex&#xF5;es sobre o papel dos financiadores no desenvolvimento social /</subfield>
    <subfield code="r">Andr&#xE9;s A. Thompson --</subfield>
    <subfield code="t">O desenvolvimento do Nordeste brasileiro e os Conjuntos Integrados de Projetos (CIPs) /</subfield>
    <subfield code="r">Rui Mesquita Cordeiro --</subfield>
    <subfield code="t">Jovens na linha de frente Por Rui Mesquita Cordeiro /</subfield>
    <subfield code="r">Rui Mesquita Cordeiro --</subfield>
    <subfield code="t">Desenvolvimento local: Concep&#xE7;&#xE3;o te&#xF3;rica e experi&#xEA;ncia dos Conjuntos Integrados de Projetos (CIPs) /</subfield>
    <subfield code="r">Arturo Jord&#xE1;n --</subfield>
    <subfield code="t">As possibilidades educacionais nos Conjuntos Integrados de Projetos (CIPs) /</subfield>
    <subfield code="r">Ruy Berger Filho --</subfield>
    <subfield code="t">Alian&#xE7;as estrat&#xE9;gicas em processos de desenvolvimento local /</subfield>
    <subfield code="r">Ant&#xF4;nio Nascimento --</subfield>
    <subfield code="t">Apoiando e aprendendo: o papel dos agentes externos no processo de desenvolvimento local /</subfield>
    <subfield code="r">Roseni Sena e Lis Hirano Wittkamper --</subfield>
    <subfield code="t">Estrat&#xE9;gias de desenvolvimento local e pol&#xED;ticas p&#xFA;blicas /</subfield>
    <subfield code="r">Beatriz Azeredo --</subfield>
    <subfield code="t">Anexo I: Refer&#xEA;ncias da Funda&#xE7;&#xE3;o W. K. Kellogg</subfield>
    <subfield code="t">Anexo II: O Nordeste dos CIPs --</subfield>
    <subfield code="t">Anexo III: Investimentos na iniciativa de Conjuntos Integrados de Projetos no Nordeste do Brasil (1999-2010) --</subfield>
    <subfield code="t">Anexo IV: &#xCD;ndice de abreviaturas --</subfield>
  </datafield>
  <datafield tag="700" ind1="1" ind2="2">
    <subfield code="a">Landim, Leilah</subfield>
    <subfield code="9">73701</subfield>
  </datafield>
  <datafield tag="700" ind1="1" ind2="2">
    <subfield code="a">Trevisan, Maria Carolina</subfield>
    <subfield code="9">73702</subfield>
  </datafield>
  <datafield tag="952" ind1=" " ind2=" ">
    <subfield code="0">0</subfield>
    <subfield code="1">0</subfield>
    <subfield code="5">0</subfield>
    <subfield code="7">1</subfield>
    <subfield code="8">MO</subfield>
    <subfield code="a">GR</subfield>
    <subfield code="b">GR</subfield>
    <subfield code="c">HD</subfield>
    <subfield code="d">2015-04-20</subfield>
    <subfield code="i">LF1</subfield>
    <subfield code="l">0</subfield>
    <subfield code="o">xxxx xxxx</subfield>
    <subfield code="p">45635-10</subfield>
    <subfield code="r">2020-06-25</subfield>
    <subfield code="w">2020-06-25</subfield>
    <subfield code="y">1</subfield>
    <subfield code="Z">No se presta</subfield>
  </datafield>
  <datafield tag="999" ind1=" " ind2=" ">
    <subfield code="c">45124</subfield>
    <subfield code="d">45124</subfield>
  </datafield>
</record>
